|
|
|
|
| LEADER |
00000nab a2200000 a 4500 |
| 001 |
vtls001496225 |
| 003 |
SK-MaSNL |
| 005 |
20260304174239.0 |
| 008 |
250505c2004 xo 0 slo |
| 015 |
|
|
|a SNBCL2005/2
|
| 035 |
|
|
|a SLK030190
|
| 035 |
|
|
|a urn:nbn:sk:snk-ab6wxw
|
| 035 |
|
|
|a (uuid)e2fd7bea-3b15-4f6f-ac00-828f22245e70
|
| 035 |
|
|
|a (urnnbn)urn:nbn:sk:snk:ar-a063ii
|
| 035 |
|
|
|a (sysno)vtls001496225
|
| 040 |
|
|
|a SNKBUCL
|b slo
|c SNKBUCL
|e AACR2
|
| 041 |
1 |
|
|a slo
|h slo
|
| 044 |
|
|
|a xo
|c SK
|
| 080 |
|
|
|a 616-089.6-06:616.379-008.64
|2 1981
|
| 100 |
1 |
|
|a Andrejčáková, Renáta
|4 aut
|9 735114
|
| 245 |
1 |
0 |
|a Anjeli strážni
|c Renáta Andrejčáková
|
| 300 |
|
|
|b Obr.
|
| 504 |
|
|
|a Res. slov.
|
| 650 |
0 |
7 |
|a anestéziológia
|2 MESH
|9 2179
|
| 650 |
0 |
7 |
|a anestézia
|2 snkbucl
|9 14352
|
| 650 |
0 |
7 |
|a predoperačná starostlivosť
|2 snkbucl
|9 102865
|
| 650 |
0 |
7 |
|a diabetes mellitus
|x chirurgia
|2 MESH
|9 1505414
|
| 773 |
0 |
|
|t Diabetik
|g Roč. 3, č. 5 (2004), s. 24-25
|x 1336-0426
|
| 850 |
|
|
|a Slovenská národná knižnica
|
| 852 |
|
|
|a Slovenská národná knižnica
|
| 954 |
|
|
|a odborná, vedecká literatúra pôvodná (slovenská)
|2 lita
|
| 958 |
|
|
|a article27
|
| 958 |
|
|
|a OND
|
| 958 |
|
|
|a EUIPO
|
| 999 |
|
|
|c 3007780
|d 3009710
|